La Educación rural en Costa Rica /
Saved in:
| Main Author: | |
|---|---|
| Format: | Text |
| Tags: |
Add Tag
No Tags, Be the first to tag this record!
|
MARC
| LEADER | 00000 a a2200000 04500 | ||
|---|---|---|---|
| 001 | 17386 | ||
| 003 | |||
| 040 | |||
| 100 | |a Venegas Renauld, María Eugenia | ||
| 245 | |a La Educación rural en Costa Rica / |c María Eugenia Venegas Renauld | ||
| 773 | |g número 4; páginas 495-526 | ||
| 999 | |c 35116 |d 35116 | ||
